[Event "2nd Tras-os-Montes Open"]
[Site "Braganca POR"]
[Date "2021.08.23"]
[Round "8.1"]
[White "Balazs Csonka"]
[Black "Erigaisi Arjun"]
[Result "0-1"]
[EventDate "?"]
[WhiteElo "2490"]
[BlackElo "2597"]
[PlyCount "60"]

1. e4 c5 2. Nf3 d6 3. d4 cxd4 4. Nxd4 Nf6 5. Nc3 Nc6 6. Bg5 e6 7. Bb5 Bd7 8. Qd3 Be7 9. O-O-O O-O 10. Bxc6 bxc6 11. Nb3 d5 12. e5 Ne8 13. Bxe7 Qxe7 14. Qe3 Nc7 15. h4 Rfb8 16. h5 Na6 17. Rd4 c5 18. Rg4 Kh8 19. Ne2 h6 20. Rh3 d4 21. Qg3 Rg8 22. Nf4 Bc6 23. Nd2 Bd5 24. Nf3 Qb7 25. Nh4 Nb4 26. Nxd5 Nxa2+ 27. Kb1 Qxd5 28. Ng6+ fxg6 29. hxg6 Rgb8 30. Qf4 Nc3+ 0-1

[Event "2nd Tras-os-Montes Open"]
[Site "Braganca POR"]
[Date "2021.08.22"]
[Round "7.1"]
[White "Erigaisi Arjun"]
[Black "D Gukesh"]
[Result "1-0"]
[EventDate "?"]
[WhiteElo "2597"]
[BlackElo "2578"]
[PlyCount "100"]

1. d4 d5 2. c4 c6 3. Nf3 Nf6 4. e3 Bf5 5. Nc3 e6 6. Nh4 Be4 7. f3 Bg6 8. Qb3 Qc7 9. Bd2 Be7 10. cxd5 Nxd5 11. Nxg6 hxg6 12. O-O-O Nxc3 13. Bxc3 Nd7 14. Kb1 a5 15. g4 a4 16. Qc2 g5 17. a3 Bd6 18. h3 Kf8 19. e4 Bf4 20. Bc4 b5 21. Ba2 Rh6 22. d5 c5 23. dxe6 fxe6 24. Qd3 Ne5 25. Qxb5 Ke7 26. Rc1 Bxc1 27. Rxc1 Rb8 28. Qxa4 Rxh3 29. Qa6 c4 30. Bb4+ Kf6 31. Bxc4 Rb6 32. Qa4 Nxc4 33. Rxc4 Rh1+ 34. Kc2 Qh2+ 35. Kb3 Qd2 36. Ka2 Qd3 37. Qc2 Qxc2 38. Rxc2 Rf1 39. Bc5 Rb7 40. Rc3 Ke5 41. b4 Rd7 42. b5 Rd2+ 43. Kb3 Rb1+ 44. Kc4 Rd8 45. b6 Rc8 46. Kd3 Rb8 47. a4 Ra1 48. Rc4 Ra2 49. Kc3 Rd8 50. b7 1-0

[Event "Riga Tech Open A 2021"]
[Site "Riga LAT"]
[Date "2021.08.15"]
[Round "9.5"]
[White "Tomas Laurusas"]
[Black "Erigaisi Arjun"]
[Result "1-0"]
[EventDate "2021.08.09"]
[WhiteElo "2549"]
[BlackElo "2597"]
[PlyCount "86"]

1. d4 d5 2. c4 e6 3. Nf3 c6 4. Nbd2 f5 5. g3 Bd6 6. Bg2 Nd7 7. O-O Ngf6 8. b3 O-O 9. Bb2 Ne4 10. Ne5 Nxe5 11. dxe5 Be7 12. Nxe4 fxe4 13. Qc2 Qe8 14. f3 exf3 15. exf3 Qg6 16. Qe2 a5 17. Bd4 c5 18. Bf2 Bd7 19. f4 Bc6 20. Rad1 Rad8 21. a4 d4 22. Bxc6 bxc6 23. Be1 Ra8 24. Qf3 Ra6 25. g4 Bd8 26. Bg3 Qe8 27. Qe4 Ra7 28. f5 Bg5 29. Rf3 Raf7 30. Rdf1 Qd7 31. Kg2 Bd8 32. h3 h6 33. f6 gxf6 34. exf6 Kh8 35. Qg6 Rg8 36. Qxh6+ Rh7 37. Qf4 Qf7 38. Qd6 Bc7 39. Qxc5 Bxg3 40. Rxg3 Rd8 41. Qxa5 Re8 42. Qe5 c5 43. g5 1-0

[Event "Riga Tech Open A 2021"]
[Site "Riga LAT"]
[Date "2021.08.14"]
[Round "8.5"]
[White "Erigaisi Arjun"]
[Black "Gergely Kantor"]
[Result "1/2-1/2"]
[EventDate "2021.08.09"]
[WhiteElo "2597"]
[BlackElo "2533"]
[PlyCount "96"]

1. Nf3 d5 2. d4 Nf6 3. c4 e6 4. Nc3 c6 5. Bg5 h6 6. Bxf6 Qxf6 7. Qb3 dxc4 8. Qxc4 Nd7 9. e3 Qe7 10. Be2 Qb4 11. Qxb4 Bxb4 12. a3 Be7 13. O-O-O O-O 14. Ne5 Rd8 15. Ne4 Nf6 16. Bf3 Nxe4 17. Bxe4 Bd7 18. Kb1 Be8 19. Rc1 Rac8 20. Rc2 Rc7 21. Rhc1 Rdc8 22. g4 g5 23. Ka2 c5 24. dxc5 Rxc5 25. Rxc5 Rxc5 26. Rxc5 Bxc5 27. Bxb7 Bd6 28. Nf3 Bb5 29. h4 Be2 30. hxg5 Bxf3 31. Bxf3 hxg5 32. Bc6 Bh2 33. f3 Bg1 34. e4 Kf8 35. b4 Ke7 36. Kb3 Kd6 37. Be8 f6 38. Kc4 e5 39. Kb5 Be3 40. a4 Bf2 41. Bf7 Be3 42. Bd5 Bf2 43. a5 Be1 44. Ka4 Bd2 45. b5 Kc7 46. b6+ axb6 47. a6 b5+ 48. Kxb5 Be3 1/2-1/2

[Event "Riga Tech Open A 2021"]
[Site "Riga LAT"]
[Date "2021.08.13"]
[Round "7.4"]
[White "Murali Karthikeyan"]
[Black "Erigaisi Arjun"]
[Result "1/2-1/2"]
[EventDate "2021.08.09"]
[WhiteElo "2606"]
[BlackElo "2597"]
[PlyCount "62"]

1. e4 c5 2. Nf3 d6 3. Bb5+ Bd7 4. Bxd7+ Qxd7 5. O-O Nf6 6. Qe2 Nc6 7. c3 e6 8. d4 cxd4 9. cxd4 d5 10. e5 Ne4 11. Be3 Be7 12. Ne1 f6 13. f3 Ng5 14. Nd3 O-O 15. Nd2 Nf7 16. f4 Nh6 17. g4 fxe5 18. fxe5 Rxf1+ 19. Rxf1 Rf8 20. Rxf8+ Bxf8 21. Kg2 Nf7 22. Nf3 Nb4 23. Nxb4 Bxb4 24. h4 Nd8 25. Qd3 Be7 26. Bg5 Nc6 27. Bxe7 Nxe7 28. Kg3 h6 29. h5 Qa4 30. b3 Qe8 31. Nh4 1/2-1/2

[Event "Riga Tech Open A 2021"]
[Site "Riga LAT"]
[Date "2021.08.12"]
[Round "5.6"]
[White "N R Visakh"]
[Black "Erigaisi Arjun"]
[Result "0-1"]
[EventDate "2021.08.09"]
[WhiteElo "2516"]
[BlackElo "2597"]
[PlyCount "60"]

1. d4 d5 2. c4 e6 3. Nc3 c6 4. e3 f5 5. Nf3 Bd6 6. Bd3 Nf6 7. O-O O-O 8. b3 Ne4 9. Bb2 Nd7 10. Ne2 Qf6 11. Qc1 Rf7 12. Ne1 g5 13. cxd5 exd5 14. f3 Qh6 15. g3 Ndf6 16. Qc2 Be6 17. Nc1 Kh8 18. Qe2 Rg8 19. Bc2 Nxg3 20. hxg3 Bxg3 21. Ncd3 f4 22. Ne5 Rfg7 23. Ng4 Nxg4 24. fxg4 Bxg4 25. Nf3 fxe3 26. Ba3 Rf7 27. Ne5 Rxf1+ 28. Rxf1 Bxe5 29. dxe5 Bxe2 30. Rf7 Qh3 0-1

[Event "Riga Tech Open A 2021"]
[Site "Riga LAT"]
[Date "2021.08.12"]
[Round "6.2"]
[White "Erigaisi Arjun"]
[Black "NarayananSL"]
[Result "1/2-1/2"]
[EventDate "2021.08.09"]
[WhiteElo "2597"]
[BlackElo "2624"]
[PlyCount "80"]

1. d4 Nf6 2. c4 e6 3. Nc3 Bb4 4. Qc2 d5 5. a3 Bxc3+ 6. Qxc3 c5 7. dxc5 d4 8. Qg3 Nc6 9. Qxg7 Rg8 10. Qh6 Rg6 11. Qd2 e5 12. g3 Ne4 13. Qd1 Bf5 14. Bg2 d3 15. Qxd3 Qxd3 16. exd3 Nxc5 17. b4 Nxd3+ 18. Kf1 Nd4 19. Bd2 O-O-O 20. Bc3 Nxb4 21. Bh3 Bxh3+ 22. Nxh3 Nbc2 23. Ra2 Rc6 24. Bxd4 Nxd4 25. Ng5 f6 26. Ne4 f5 27. Nd2 Ne6 28. Kg2 e4 29. Rb1 Rd3 30. Rb5 Nc5 31. Nf1 a6 32. Rb1 Rg6 33. Kh1 f4 34. gxf4 Rf3 35. Ng3 Rxf4 36. Rd2 Nd3 37. Nxe4 Rxe4 38. Rxd3 Rxc4 39. Rf3 b5 40. Re1 Rc7 1/2-1/2

[Event "Riga Tech Open A 2021"]
[Site "Riga LAT"]
[Date "2021.08.10"]
[Round "2.8"]
[White "Erigaisi Arjun"]
[Black "Roland Berzinsh"]
[Result "1-0"]
[EventDate "2021.08.09"]
[WhiteElo "2597"]
[BlackElo "2373"]
[PlyCount "50"]

1. d4 d5 2. c4 dxc4 3. e4 Nc6 4. Nf3 Bg4 5. d5 Ne5 6. Nc3 a6 7. Bf4 Ng6 8. h3 e5 9. hxg4 exf4 10. e5 b5 11. Qd4 Qe7 12. a4 Rd8 13. axb5 axb5 14. Nxb5 Qb4+ 15. Nc3 Bc5 16. Qxc4 N8e7 17. O-O-O Rb8 18. Qxb4 Rxb4 19. d6 cxd6 20. Bb5+ Kd8 21. exd6 Nc8 22. Ng5 Rf8 23. Nxh7 Rh8 24. Ng5 Rf8 25. Rhe1 1-0

[Event "Riga Tech Open A 2021"]
[Site "Riga LAT"]
[Date "2021.08.10"]
[Round "3.6"]
[White "Mark Plotkin"]
[Black "Erigaisi Arjun"]
[Result "0-1"]
[EventDate "2021.08.09"]
[WhiteElo "2430"]
[BlackElo "2597"]
[PlyCount "100"]

1. d4 d5 2. c4 e6 3. Nc3 c6 4. Nf3 dxc4 5. g3 b5 6. Bg2 Bb7 7. O-O Nf6 8. Ne5 Nd5 9. e4 Nxc3 10. bxc3 Nd7 11. f4 Qc7 12. Qh5 g6 13. Qh3 Nxe5 14. fxe5 h6 15. a4 b4 16. cxb4 O-O-O 17. Be3 Bxb4 18. Rac1 c3 19. Qh4 a5 20. Qf6 Rh7 21. Rfd1 h5 22. Qf2 Rhh8 23. h4 Kb8 24. Kh2 Rd7 25. Rd3 c5 26. Rdxc3 Bxc3 27. Rxc3 c4 28. Qc2 Rc8 29. Bf1 Ba6 30. Kg2 Ka8 31. Kf2 Qb8 32. Kf3 Qb4 33. Kf2 Rb7 34. Be2 Qb1 35. d5 Rb2 36. Qxb1 Rxb1 37. d6 Kb7 38. Bg5 Kc6 39. Ke3 Rb2 40. Bd1 Kd7 41. Kd4 Rf2 42. Ke3 Rf1 43. Be2 Ra1 44. Kf2 Ra2 45. Rf3 f5 46. exf6 c3 47. f7 Bxe2 48. Rxc3 Rxc3 49. f8=Q Bg4+ 50. Ke1 Re2+ 0-1

[Event "Riga Tech Open A 2021"]
[Site "Riga LAT"]
[Date "2021.08.09"]
[Round "1.11"]
[White "Pijus Stremavicius"]
[Black "Erigaisi Arjun"]
[Result "0-1"]
[EventDate "2021.08.09"]
[WhiteElo "2146"]
[BlackElo "2597"]
[PlyCount "114"]

1. Nf3 d5 2. d4 Bf5 3. c4 e6 4. Qb3 b6 5. Nc3 c6 6. Bf4 Bd6 7. Bxd6 Qxd6 8. e3 h6 9. Be2 Nd7 10. O-O Ngf6 11. Rac1 O-O 12. c5 bxc5 13. Qa3 Qc7 14. b3 Bg4 15. dxc5 e5 16. h3 Bxf3 17. Bxf3 a5 18. e4 d4 19. Na4 Rfb8 20. Nb2 Nf8 21. Nd3 Ne6 22. g3 h5 23. Bg2 h4 24. Kh2 g6 25. Qb2 Kg7 26. g4 g5 27. f3 Nh7 28. Rfd1 f6 29. Bf1 Nhf8 30. Qc2 Qe7 31. Nb2 Nd7 32. Na4 Rb4 33. Rd2 Rab8 34. Bc4 Nexc5 35. Nxc5 Nxc5 36. Bf1 Ne6 37. Qxc6 R4b7 38. Bc4 Rc7 39. Qa4 Qb4 40. Qxb4 axb4 41. a4 bxa3 42. Ra1 Nf4 43. Rxa3 Kf8 44. Rda2 Rd8 45. Ra6 Ke7 46. R6a5 Rdd7 47. Ra8 Rd8 48. R8a5 d3 49. Rd2 Rd4 50. Ra8 Rc6 51. Ra7+ Kd6 52. Rb7 Rc7 53. Rb6+ Kc5 54. Rb5+ Kc6 55. Ra5 Kd6 56. Ra8 Kc5 57. Rb8 Rd6 0-1

[Event "54th Biel Master Open"]
[Site "Biel SUI"]
[Date "2021.08.04"]
[Round "9.5"]
[White "Erigaisi Arjun"]
[Black "Maksim Chigaev"]
[Result "1-0"]
[EventDate "?"]
[WhiteElo "2567"]
[BlackElo "2630"]
[PlyCount "184"]

1. e4 e5 2. Nf3 Nc6 3. Bb5 a6 4. Ba4 Nf6 5. O-O Be7 6. Re1 b5 7. Bb3 d6 8. c3 O-O 9. h3 Re8 10. Ng5 Rf8 11. d3 h6 12. Nf3 Na5 13. Bc2 c5 14. Nbd2 Nc6 15. Nf1 Re8 16. a4 Bb7 17. Ne3 Bf8 18. Ng4 c4 19. Be3 Na5 20. Nxf6+ Qxf6 21. axb5 axb5 22. d4 Nc6 23. d5 Ne7 24. Qe2 Qg6 25. Nh4 Qf6 26. g3 Ng6 27. Ng2 Qd8 28. Qh5 Qd7 29. f4 exf4 30. gxf4 Be7 31. Bd4 Qd8 32. Rxa8 Bxa8 33. Rf1 Bf6 34. Ne3 Bxd4 35. cxd4 Qb6 36. Qd1 Bb7 37. Qd2 Nf8 38. Kh2 Bc8 39. e5 Qd8 40. Qf2 Bd7 41. Qg3 Qb6 42. Rg1 g6 43. e6 Qxd4 44. Nf5 Qxd5 45. Nxh6+ Kh7 46. exd7 Re2+ 47. Rg2 Rxg2+ 48. Qxg2 Qxg2+ 49. Kxg2 Nxd7 50. Nxf7 d5 51. Ne5 Nc5 52. Nc6 Na6 53. Kf3 b4 54. Ke3 b3 55. Bb1 Nc5 56. Nb4 Na4 57. Nxd5 Nxb2 58. Kd4 Kh6 59. Ne3 Kh5 60. Kc3 Na4+ 61. Kxc4 Kh4 62. Bxg6 Kxh3 63. Kxb3 Nb6 64. Be8 Nc8 65. f5 Nd6 66. f6 Kh4 67. Kc2 Kg5 68. f7 Nxf7 69. Bxf7 Kf4 70. Kd3 Kg5 71. Ke4 Kf6 72. Bd5 Kg7 73. Kf5 Kh7 74. Kf6 Kh8 75. Ng4 Kh7 76. Ne5 Kh8 77. Ng6+ Kh7 78. Be6 Kh6 79. Bg8 Kh5 80. Ne5 Kh6 81. Ng4+ Kh5 82. Kf5 Kh4 83. Kf4 Kh5 84. Bf7+ Kh4 85. Ne3 Kh3 86. Be8 Kh4 87. Ng2+ Kh3 88. Kf3 Kh2 89. Kf2 Kh3 90. Bd7+ Kh2 91. Ne3 Kh1 92. Bg4 1-0

[Event "54th Biel Master Open"]
[Site "Biel SUI"]
[Date "2021.08.03"]
[Round "8.9"]
[White "R Vaishali"]
[Black "Erigaisi Arjun"]
[Result "0-1"]
[EventDate "?"]
[WhiteElo "2393"]
[BlackElo "2567"]
[PlyCount "112"]

1. e4 c6 2. d4 d5 3. e5 c5 4. Nf3 Nc6 5. dxc5 e6 6. Be3 Nh6 7. Bxh6 gxh6 8. c3 Bxc5 9. b4 Bb6 10. b5 Ne7 11. Bd3 Qc7 12. O-O Ng6 13. Re1 Bd7 14. Qd2 O-O-O 15. a4 Kb8 16. Qxh6 f6 17. Bxg6 hxg6 18. Qf4 Rdf8 19. Qg3 f5 20. Nbd2 Qxc3 21. a5 f4 22. Qxg6 Rfg8 23. Rac1 Qxa5 24. Qd3 Bxb5 25. Qc3 Qxc3 26. Rxc3 Rg4 27. Rb1 a6 28. Rxb5 axb5 29. Rb3 Rhg8 30. Ne1 Ba5 31. Ndf3 Bxe1 32. Nxe1 R4g5 33. g3 fxg3 34. hxg3 Rxe5 35. Nd3 Re2 36. Rxb5 Kc7 37. Kg2 Rd2 38. Rb3 Re8 39. Kf3 e5 40. Ke3 Rd1 41. f3 e4 42. fxe4 Rxe4+ 43. Kf3 Rf1+ 44. Kg2 Rf7 45. Rb5 Kc6 46. Rc5+ Kd6 47. Rb5 Re2+ 48. Kh3 Re3 49. Nb4 Rg7 50. Rxd5+ Ke6 51. Kh2 Rexg3 52. Rh5 Rg2+ 53. Kh1 Rg1+ 54. Kh2 R7g2+ 55. Kh3 Rg5 56. Rh6+ Rg6 0-1

[Event "54th Biel Master Open"]
[Site "Biel SUI"]
[Date "2021.08.02"]
[Round "7.15"]
[White "Erigaisi Arjun"]
[Black "Alexis Tahay"]
[Result "1-0"]
[EventDate "?"]
[WhiteElo "2567"]
[BlackElo "2349"]
[PlyCount "52"]

1. d4 Nf6 2. c4 e6 3. Nc3 Bb4 4. e3 O-O 5. Bd2 d5 6. Nf3 b6 7. cxd5 exd5 8. Bd3 Bb7 9. O-O Bd6 10. Qb1 Re8 11. Nb5 Ba6 12. Rc1 c6 13. Nxd6 Bxd3 14. Nxf7 Bxb1 15. Nxd8 Bxa2 16. Nxc6 Nxc6 17. Rxc6 Bc4 18. Ne5 Bb5 19. Rc7 Ne4 20. Bb4 a5 21. f3 axb4 22. Rxa8 Rxa8 23. fxe4 dxe4 24. Rb7 Kf8 25. Rxb6 Ra5 26. h4 1-0

[Event "54th Biel Master Open"]
[Site "Biel SUI"]
[Date "2021.08.01"]
[Round "6.7"]
[White "Viktor Erdos"]
[Black "Erigaisi Arjun"]
[Result "1-0"]
[EventDate "?"]
[WhiteElo "2614"]
[BlackElo "2567"]
[PlyCount "84"]

1. Nf3 d5 2. e3 Nf6 3. c4 e6 4. Nc3 b6 5. b3 Bb7 6. Bb2 Nbd7 7. Rc1 a6 8. cxd5 exd5 9. Ne2 g6 10. Ng3 Bg7 11. Be2 h5 12. h3 h4 13. Nf1 c5 14. d4 Ne4 15. N1h2 b5 16. O-O c4 17. Ng4 Rc8 18. Nd2 Nxd2 19. Qxd2 Qe7 20. e4 f5 21. exf5 gxf5 22. Ne3 O-O 23. Bf3 Nb6 24. Qa5 Qc7 25. Ba3 Bxd4 26. Bxf8 Rxf8 27. Rfd1 Be5 28. bxc4 dxc4 29. Nxc4 Bh2+ 30. Kh1 Bxf3 31. Nxb6 Qf4 32. Nd7 Bxd1 33. Rxd1 Rc8 34. Qe1 Kf7 35. Qe2 Rc6 36. Re1 Kg7 37. Qe7+ Kh6 38. Qf8+ Kg5 39. Qd8+ Kh6 40. Qh8+ Kg5 41. Ne5 Qxf2 42. Nf3+ 1-0

[Event "54th Biel Master Open"]
[Site "Biel SUI"]
[Date "2021.07.30"]
[Round "5.14"]
[White "Erigaisi Arjun"]
[Black "Elliot Papadiamandis"]
[Result "1-0"]
[EventDate "?"]
[WhiteElo "2567"]
[BlackElo "2363"]
[PlyCount "76"]

1. d4 Nf6 2. Bg5 Ne4 3. Bf4 c5 4. f3 Qa5+ 5. c3 Nf6 6. d5 Qb6 7. Bc1 e6 8. e4 exd5 9. exd5 Bd6 10. Na3 a6 11. Nc4 Qc7 12. a4 b6 13. Bg5 Bb7 14. Qd2 b5 15. Bxf6 gxf6 16. Nxd6+ Qxd6 17. O-O-O Kd8 18. Ne2 bxa4 19. Ng3 Re8 20. Bc4 a5 21. Ne4 Rxe4 22. fxe4 Ba6 23. Qe2 a3 24. bxa3 Bxc4 25. Qxc4 Na6 26. Kc2 Nc7 27. g3 Ke7 28. Rhf1 Ne8 29. a4 h5 30. Rb1 Rc8 31. Rb7 h4 32. Qb5 hxg3 33. hxg3 Rd8 34. Qxa5 Qxg3 35. Qxc5+ Nd6 36. Rb6 Qg2+ 37. Rf2 Qxe4+ 38. Kd2 1-0

[Event "54th Biel Master Open"]
[Site "Biel SUI"]
[Date "2021.07.29"]
[Round "4.12"]
[White "N R Vignesh"]
[Black "Erigaisi Arjun"]
[Result "1/2-1/2"]
[EventDate "?"]
[WhiteElo "2428"]
[BlackElo "2567"]
[PlyCount "58"]

1. e4 e5 2. Nf3 Nc6 3. Bc4 Nf6 4. Ng5 d5 5. exd5 Na5 6. Bb5+ Bd7 7. Qe2 Bd6 8. Bxd7+ Qxd7 9. Nc3 c6 10. dxc6 Nxc6 11. O-O h6 12. Nge4 Nxe4 13. Nxe4 Be7 14. d3 O-O-O 15. f4 f5 16. Nc3 Rhe8 17. Qf2 Bf6 18. fxe5 Bxe5 19. Kh1 Bd4 20. Qf3 Ne5 21. Qxf5 Qxf5 22. Rxf5 Nxd3 23. Bg5 hxg5 24. cxd3 Re3 25. Rc1 Rxd3 26. Nb5+ Kb8 27. Nxd4 R3xd4 28. Kg1 g4 29. Rc2 1/2-1/2

[Event "54th Biel Master Open"]
[Site "Biel SUI"]
[Date "2021.07.28"]
[Round "3.14"]
[White "Cedric Pahud"]
[Black "Erigaisi Arjun"]
[Result "0-1"]
[EventDate "?"]
[WhiteElo "2200"]
[BlackElo "2567"]
[PlyCount "90"]

1. e4 c5 2. c3 d6 3. d4 Nf6 4. Bd3 cxd4 5. cxd4 g6 6. Nf3 Bg4 7. h3 Bxf3 8. Qxf3 Bg7 9. O-O O-O 10. Be3 Nc6 11. d5 Ne5 12. Qe2 Nxd3 13. Qxd3 Nd7 14. Nc3 Qa5 15. Rac1 Rac8 16. Rfd1 a6 17. Bd4 Bxd4 18. Qxd4 b5 19. a3 Rc4 20. Qa7 Rc7 21. Qe3 Rfc8 22. Na2 Qa4 23. Nb4 Rxc1 24. Rxc1 Rxc1+ 25. Qxc1 a5 26. Qc8+ Nf8 27. Nc6 Qxe4 28. Qd8 Kg7 29. Nxe7 Qe1+ 30. Kh2 Qe5+ 31. Kg1 Qxb2 32. Qxd6 b4 33. axb4 a4 34. Qg3 a3 35. Nf5+ Kh8 36. Qb8 Kg8 37. Nh6+ Kg7 38. Qe8 Qc1+ 39. Kh2 Qxh6 40. Qe5+ Kg8 41. Qc3 a2 42. Qb2 Qf4+ 43. Kg1 Qc4 44. d6 Qa6 45. Qa1 Qa3 0-1

[Event "54th Biel Master Open"]
[Site "Biel SUI"]
[Date "2021.07.27"]
[Round "2.1"]
[White "Erigaisi Arjun"]
[Black "AR Saleh Salem"]
[Result "0-1"]
[EventDate "?"]
[WhiteElo "2567"]
[BlackElo "2682"]
[PlyCount "88"]

1. e4 c6 2. d4 d5 3. f3 dxe4 4. fxe4 e5 5. Nf3 Bg4 6. Bc4 Nd7 7. O-O Ngf6 8. c3 Bd6 9. Bg5 O-O 10. Nbd2 Qc7 11. h3 Bh5 12. Qc2 b5 13. Bd3 a6 14. a4 Rfe8 15. Nh4 h6 16. Be3 c5 17. axb5 cxd4 18. cxd4 Qxc2 19. Bxc2 exd4 20. Bxd4 Be2 21. bxa6 Bc5 22. Nhf3 Bxf1 23. Kxf1 Reb8 24. Nc4 Ne8 25. Ra5 Bb4 26. Rd5 Nef6 27. Bxf6 Nxf6 28. Rd1 Rxa6 29. e5 Nh5 30. Nd4 Rd8 31. Ke2 Nf4+ 32. Kf3 Ne6 33. Nf5 Rxd1 34. Bxd1 Ra1 35. Be2 h5 36. Bd3 Rd1 37. Ke2 Rc1 38. Kf3 g6 39. Nfe3 Bc5 40. h4 Kg7 41. g3 Kf8 42. Ke2 Nd4+ 43. Kf2 Nc2 44. Ke2 Re1+ 0-1

[Event "54th Biel Master Open"]
[Site "Biel SUI"]
[Date "2021.07.26"]
[Round "1.19"]
[White "Erigaisi Arjun"]
[Black "Anastasiya Rakhmangulova"]
[Result "1-0"]
[EventDate "?"]
[WhiteElo "2567"]
[BlackElo "2167"]
[PlyCount "82"]

1. c4 g6 2. d4 Bg7 3. e4 d6 4. Nc3 Nf6 5. Be2 O-O 6. Bg5 c5 7. d5 b5 8. cxb5 a6 9. a4 Qa5 10. Bd2 axb5 11. Bxb5 Na6 12. Nf3 Nb4 13. O-O Bg4 14. Rc1 Bd7 15. Bxd7 Nxd7 16. b3 Rfc8 17. Qe2 Qa6 18. Nb5 Na2 19. Rc4 Nb6 20. Rc2 Nb4 21. Bxb4 cxb4 22. Rxc8+ Rxc8 23. Nfd4 Bxd4 24. Nxd4 Qxe2 25. Nxe2 Nd7 26. Rc1 Nc5 27. Nd4 Ra8 28. f3 e5 29. dxe6 fxe6 30. Rb1 Ra6 31. Kf2 Kf7 32. Ke2 e5 33. Nc2 Rb6 34. Ne3 Ne6 35. Nd5 Rb8 36. Kd3 Nd4 37. f4 Ke6 38. a5 Nb5 39. fxe5 Na3 40. Rc1 Kxe5 41. Rc7 1-0

[Event "TCh-POR Div1 2021"]
[Site "Peniche POR"]
[Date "2021.07.24"]
[Round "8.4"]
[White "Jorge Viterbo Ferreira"]
[Black "Erigaisi Arjun"]
[Result "0-1"]
[EventDate "?"]
[WhiteElo "2521"]
[BlackElo "2567"]
[PlyCount "138"]

1. d4 d5 2. c4 e6 3. Nf3 Nf6 4. g3 Be7 5. Bg2 O-O 6. O-O dxc4 7. Qc2 c6 8. Qxc4 b5 9. Qb3 Bb7 10. Bg5 a6 11. Rd1 Nbd7 12. Ne5 Nxe5 13. dxe5 Nd5 14. Bxe7 Qxe7 15. Nc3 Qc7 16. Ne4 Qxe5 17. Nc5 Qc7 18. Rdc1 Rfd8 19. Rc2 a5 20. a3 a4 21. Qf3 h6 22. Rac1 Rac8 23. Qg4 Qe7 24. Bf3 Ba8 25. Nd3 Qf6 26. Rc5 Bb7 27. R1c2 g6 28. h4 h5 29. Qe4 Kg7 30. Qe5 Qxe5 31. Nxe5 Rd6 32. Nd3 Kf8 33. Rc1 Ke7 34. R5c2 Rc7 35. Nc5 Ba8 36. Kf1 Nb6 37. Ke1 Ra7 38. e3 Rd8 39. Bg2 e5 40. Bf3 Nc4 41. Be2 Na5 42. Rc3 f5 43. R1c2 e4 44. f3 exf3 45. Bxf3 Kf6 46. e4 Re7 47. Kf2 fxe4 48. Bxe4 Nc4 49. Bf3 Nb6 50. Nd3 Nd5 51. Rc5 Ne3 52. R2c3 Rd6 53. Be2 Nc4 54. Rc2 Bb7 55. Nf4 Ne5 56. R5c3 Bc8 57. Ke1 Bg4 58. Rd2 Rxd2 59. Kxd2 Bxe2 60. Kxe2 Nc4+ 61. Kf2 Rd7 62. Rc2 Kf5 63. Re2 Rd2 64. Rxd2 Nxd2 65. Ke3 Nc4+ 66. Kd4 Nxb2 67. Kc5 Nc4 68. Kxc6 Nxa3 69. Kc5 Nc2 0-1

[Event "TCh-POR Div1 2021"]
[Site "Peniche POR"]
[Date "2021.07.23"]
[Round "7.3"]
[White "Erigaisi Arjun"]
[Black "Plazuelo Pascual, Juan"]
[Result "1-0"]
[EventDate "?"]
[WhiteElo "2567"]
[BlackElo "2462"]
[PlyCount "94"]

1. e4 c5 2. Nf3 e6 3. d4 cxd4 4. Nxd4 Nf6 5. Nc3 Nc6 6. a3 Be7 7. Be2 O-O 8. O-O d6 9. Be3 Nxd4 10. Bxd4 Qc7 11. Qd3 Rd8 12. Rad1 b6 13. Qg3 e5 14. Be3 Be6 15. f4 exf4 16. Bxf4 Qc5+ 17. Be3 Qe5 18. Bf4 Qc5+ 19. Kh1 Kh8 20. h3 Rac8 21. Be3 Qe5 22. Qf3 Qa5 23. Rd4 Rxc3 24. bxc3 Nd7 25. Bf4 Ne5 26. Bxe5 Qxe5 27. Bc4 Bf6 28. Bd5 h6 29. Rc4 Rd7 30. Rc8+ Kh7 31. Re8 Qxc3 32. Bxe6 Qxf3 33. gxf3 fxe6 34. Rxe6 Kg8 35. Re8+ Kf7 36. Rc8 g5 37. Kg2 Be5 38. Rd1 Rb7 39. h4 b5 40. Kh3 Kg6 41. hxg5 hxg5 42. Rg8+ Kf6 43. Kg4 Bf4 44. Rd8 Ke6 45. Rh1 Ke5 46. c3 Rc7 47. Rh6 1-0

[Event "TCh-POR Div1 2021"]
[Site "Peniche POR"]
[Date "2021.07.21"]
[Round "4.2"]
[White "Daniel Dardha"]
[Black "Erigaisi Arjun"]
[Result "1-0"]
[EventDate "?"]
[WhiteElo "2520"]
[BlackElo "2567"]
[PlyCount "110"]

1. Nf3 Nf6 2. c4 g6 3. Nc3 Bg7 4. e4 d6 5. d4 O-O 6. Bd3 Bg4 7. Be2 c5 8. d5 e6 9. O-O exd5 10. exd5 Re8 11. h3 Bxf3 12. Bxf3 Nbd7 13. Bf4 Ne5 14. Be2 a6 15. a4 Qc7 16. Qc2 Re7 17. Bg5 h6 18. Bd2 Rae8 19. Rfe1 g5 20. g3 Qd7 21. Kg2 Nh7 22. b3 Nf8 23. Bh5 Neg6 24. Rxe7 Rxe7 25. Bg4 Qe8 26. Rh1 Nd7 27. Nd1 Bd4 28. Ne3 Bxe3 29. Bxe3 b5 30. Bf5 Nf6 31. Qc3 Ne4 32. Qd3 bxc4 33. bxc4 Re5 34. Bxg6 fxg6 35. Rb1 h5 36. Rb7 g4 37. hxg4 hxg4 38. Bf4 Rh5 39. Qb1 Nc3 40. Rb8 Nxb1 41. Rxe8+ Kf7 42. Re1 Nc3 43. a5 Na4 44. Bxd6 Nb2 45. Re7+ Kf6 46. Re4 Nd3 47. Re6+ Kf5 48. Be7 Rh7 49. Bf6 Rb7 50. Rb6 Rf7 51. Bc3 Re7 52. Rxa6 Re4 53. Rf6+ Kg5 54. Rf8 Rxc4 55. Bd2+ 1-0

[Event "TCh-POR Div1 2021"]
[Site "Peniche POR"]
[Date "2021.07.20"]
[Round "2.1"]
[White "Li Min Peng"]
[Black "Erigaisi Arjun"]
[Result "1/2-1/2"]
[EventDate "?"]
[WhiteElo "2474"]
[BlackElo "2567"]
[PlyCount "112"]

1. Nf3 d5 2. c4 e6 3. g3 dxc4 4. Qa4+ Nd7 5. Qxc4 a6 6. Bg2 b5 7. Qb3 Bb7 8. O-O Ngf6 9. d3 Be7 10. Nc3 O-O 11. a4 b4 12. Nb1 a5 13. Qc2 Ra6 14. Nbd2 Qa8 15. Nc4 h6 16. e4 Rd8 17. Bf4 Nc5 18. Nfe5 Nfd7 19. Be3 Nxe5 20. Nxe5 Nd7 21. f4 Nxe5 22. fxe5 Rd7 23. d4 b3 24. Qf2 Bxe4 25. Qxf7+ Kh7 26. Bxh6 Kxh6 27. Qf4+ Bg5 28. Qxe4 Qxe4 29. Bxe4 Rxd4 30. Rae1 Rxa4 31. Rf8 g6 32. Bd3 Rc6 33. Bb5 Rac4 34. Ref1 Be3+ 35. Kh1 Bd4 36. Rh8+ Kg7 37. Rh4 Rc1 38. Rxd4 Rxf1+ 39. Bxf1 Rc2 40. Ra4 Rxb2 41. Rxa5 Rd2 42. Rc5 Rd1 43. Rxc7+ Kh6 44. Rb7 Rxf1+ 45. Kg2 Rb1 46. Kf3 Kg5 47. h4+ Kf5 48. Rb5 Rf1+ 49. Ke2 Rc1 50. Rxb3 Kxe5 51. Rb5+ Kf6 52. Kf3 Rc3+ 53. Kf4 Rc4+ 54. Kf3 e5 55. g4 Rc3+ 56. Ke4 1/2-1/2

[Event "14th Paracin Summer Open"]
[Site "Paracin SRB"]
[Date "2021.07.16"]
[Round "9.2"]
[White "Manuel Petrosyan"]
[Black "Erigaisi Arjun"]
[Result "1/2-1/2"]
[EventDate "2021.07.09"]
[WhiteElo "2632"]
[BlackElo "2567"]
[PlyCount "110"]

1. d4 d5 2. c4 dxc4 3. Nf3 Nf6 4. e3 e6 5. Bxc4 c5 6. O-O a6 7. dxc5 Bxc5 8. Qxd8+ Kxd8 9. Rd1+ Ke7 10. Be2 Nbd7 11. Nc3 b5 12. Nd2 Bb7 13. Nb3 Bd6 14. Na5 Ra7 15. Nxb7 Rxb7 16. Bd2 Rd8 17. Be1 Nb6 18. Rac1 g5 19. h3 Be5 20. b3 Rc7 21. Nb1 Rxd1 22. Rxc7+ Bxc7 23. Bxd1 Nfd7 24. Kf1 f5 25. Na3 Nd5 26. Nc2 Be5 27. Nb4 Nxb4 28. Bxb4+ Bd6 29. Be1 Nc5 30. Ke2 h5 31. Bc2 Kd7 32. f3 Be7 33. g3 Bf6 34. h4 gxh4 35. gxh4 Ke8 36. Bf2 Nd7 37. f4 Kf7 38. e4 Kg6 39. a4 bxa4 40. bxa4 Bd8 41. Bd3 a5 42. Bb5 Nf8 43. Be8+ Kh6 44. e5 Ng6 45. Bxg6 Kxg6 46. Kd3 Kf7 47. Kc4 Ke8 48. Kb5 Kd7 49. Bg3 Bc7 50. Be1 Bd8 51. Bf2 Be7 52. Be1 Bd8 53. Bf2 Be7 54. Be1 Bd8 55. Bf2 1/2-1/2

[Event "14th Paracin Summer Open"]
[Site "Paracin SRB"]
[Date "2021.07.15"]
[Round "8.4"]
[White "Erigaisi Arjun"]
[Black "Aditya Mittal"]
[Result "1-0"]
[EventDate "2021.07.09"]
[WhiteElo "2567"]
[BlackElo "2438"]
[PlyCount "120"]

1. e4 c5 2. Nf3 d6 3. d4 cxd4 4. Nxd4 Nf6 5. Nc3 a6 6. Be3 e5 7. Nb3 Be7 8. h3 Be6 9. Qf3 Nc6 10. O-O-O Qc7 11. Kb1 Rc8 12. g4 b5 13. g5 Nd7 14. h4 Na5 15. Nxa5 Qxa5 16. Nd5 Bxd5 17. exd5 Nb6 18. Bd3 Na4 19. Bc1 b4 20. h5 Rb8 21. Ka1 Nc5 22. b3 Nxd3 23. Qxd3 Qb5 24. Qe4 O-O 25. g6 f5 26. gxh7+ Kh8 27. Qg2 Bf6 28. h6 Rb7 29. Qg6 Qd7 30. Bb2 Qf7 31. Qxf5 g6 32. Qe4 Kxh7 33. Rhg1 Bd8 34. Rg2 Qf5 35. Qe2 Qf3 36. Qxf3 Rxf3 37. Rdg1 Rbf7 38. Rxg6 Rxf2 39. a3 Rf1+ 40. Ka2 Rxg1 41. Rxg1 Kxh6 42. axb4 Bb6 43. Rg8 e4 44. Re8 e3 45. Re6+ Kh5 46. Rxd6 e2 47. Re6 Rf2 48. Ka3 Kg4 49. c4 Kf3 50. c5 Bd8 51. d6 Bg5 52. c6 Be3 53. c7 e1=Q 54. c8=Q a5 55. Rxe3+ Qxe3 56. Qh3+ Ke2 57. Qxe3+ Kxe3 58. d7 axb4+ 59. Kxb4 Rf4+ 60. Kc5 Rf5+ 1-0